Shared ownership leases (Record no. 112790)

MARC details
000 -LEADER
fixed length control field 01031cad a22002175a 4500
001 - CONTROL NUMBER
control field L153976
008 - FIXED-LENGTH DATA ELEMENTS--GENERAL INFORMATION
fixed length control field 110928s2011 xxk f 000 0 eng d
035 ## - SYSTEM CONTROL NUMBER
System control number (Sirsi) u153976
041 0# - LANGUAGE CODE
Language code of text/sound track or separate title eng
050 04 - LIBRARY OF CONGRESS CALL NUMBER
Classification number 346.410434
110 2# - MAIN ENTRY--CORPORATE NAME
Corporate name or jurisdiction name as entry element Leasehold Advisory Service
9 (RLIN) 3510
245 00 - TITLE STATEMENT
Title Shared ownership leases
Remainder of title what is shared ownership leasehold and how does it work?
Medium [electronic resource]
260 ## - PUBLICATION, DISTRIBUTION, ETC.
Place of publication, distribution, etc. London
Name of publisher, distributor, etc. Leasehold Advisory Service
-- 2011
490 #0 - SERIES STATEMENT
Series statement Leasehold Advisory Service Advice Guide
520 ## - SUMMARY, ETC.
Summary, etc. Provides a brief overview of shared ownership leases for owners, purchasers and property professionals. Explains the difference between a shared ownership lease and an ordinary long residential lease.
590 ## - LOCAL NOTE (RLIN)
Local note KA NTK
651 #4 - SUBJECT ADDED ENTRY--GEOGRAPHIC NAME
Geographic name England and Wales
Chronological subdivision 1543-
690 ## - LOCAL SUBJECT ADDED ENTRY--TOPICAL TERM (OCLC, RLIN)
Topical term or geographic name as entry element PROPERTY-RESIDENTIAL PROPERTY-RESIDENTIAL LANDLORD AND TENANT-RESIDENTIAL LEASES
856 40 - ELECTRONIC LOCATION AND ACCESS
Uniform Resource Identifier <a href="https://www.lease-advice.org/publications/documents/document.asp?item=67">https://www.lease-advice.org/publications/documents/document.asp?item=67</a>
Public note View the item free of charge at www.lease-advice.org
942 ## - ADDED ENTRY ELEMENTS (KOHA)
Suppress in OPAC 0
Holdings
Withdrawn status Lost status Source of classification or shelving scheme Damaged status Not for loan Home library Current library Shelving location Date acquired Total Checkouts Full call number Barcode Date last seen Copy number Price effective from Koha item type
    Dewey Decimal Classification     Virtual Virtual Online 28/09/2011   ONLINE PUBLICATION 153976-2001 06/08/2019 1 06/08/2019 Book